[Event "EICC 2017"]
[Site "Minsk"]
[Date "2017.05.31"]
[Round "2"]
[White "Gledura, Benjamin"]
[Black "Klekowski, Maciej"]
[Result "0-1"]
[WhiteElo "2602"]
[BlackElo "2473"]
[Annotator "TA"]
[PlyCount "70"]
[EventDate "2017.??.??"]
[EventCountry "BLR"]
[SourceTitle "playchess.com"]
[Source "ChessBase"]
[SourceQuality "1"]

{[%evp 20,70,10,13,37,41,50,50,51,19,26,0,0,0,6,0,0,-8,14,22,13,17,19,1,81,60,65,68,68,52,59,54,75,49,122,92,91,93,88,16,16,20,26,20,52,14,15,-430,-419,-29996,-29997,-29997,-29998]} 1. d4 Nf6 2. Nf3 e6 3. g3 b6 4. Bg2 Bb7 5. c4 Be7 6. O-O O-O 7. Re1 d5 8. cxd5 exd5 9. Nc3 Nbd7 10. Bf4 Ne4 11. Qc2 Nxc3 {E17: Queen's Indian: 4 g3 Bb7 5 Bg2 Be7} (11... Ndf6 {looks sharper.} 12. Ne5 c5 13. dxc5 Bxc5 14. Nd3 Rc8) (11... c5 12. Rad1 Rc8 13. Qb1 Ndf6 14. Bh3 Ra8 15. dxc5 bxc5 16. Bg2 Qb6 17. Ne5 Qe6 18. Nf3 h6 19. Nxe4 Nxe4 {½-½ (44) Matlakov,M (2696)-Rozum,I (2539) Kaliningrad 2015}) 12. bxc3 Nf6 13. Ne5 Qc8 $146 {White is slightly better.} ({Predecessor:} 13... Bd6 14. c4 c6 15. Qb3 Qe7 16. Rac1 Ne4 17. cxd5 cxd5 18. Rc2 Rac8 19. Rec1 Rxc2 20. Rxc2 {½-½ (40) Ankit,R (2511)-Sachdev,T (2422) Glasgow 2014}) 14. Rac1 c5 15. dxc5 Bxc5 16. Nd3 Ba3 17. Rcd1 Ne4 18. Be5 Qc4 19. Qb3 Qxb3 20. axb3 Rfe8 21. b4 {Threatens to win with f3.} a5 (21... Rxe5 $11 22. Nxe5 Nxc3) 22. Bd4 axb4 23. cxb4 Ba6 24. Ra1 Bc4 25. Bxb6 {Ba5 is the strong threat.} Nc3 26. Ba5 Nb5 (26... Nxe2+ $14 27. Rxe2 Rxe2 28. Rxa3 Rd2) 27. Bf3 Ra6 28. Rad1 Nd4 {[#]} 29. Nf4 ({Better is} 29. Bxd5 $1 $16 {[%mdl 512]} Bxd5 30. Nf4) 29... Nxf3+ $11 30. exf3 {[%cal Re1e8]} Rxe1+ 31. Rxe1 {[%cal Re1e8]} g6 32. Re8+ Kg7 33. Rd8 $2 {[%mdl 8192] [#]} (33. h4 $11) 33... Bxb4 $1 $19 {[%mdl 512]} 34. Bxb4 (34. Rxd5 $19 Rxa5 35. Rxa5 Bxa5 36. Ng2) 34... Ra1+ 35. Kg2 Bf1+ {Precision: White = 29%, Black = 59%.} 0-1

[Event "EICC 2017"]
[Site "Minsk"]
[Date "2017.05.31"]
[Round "2"]
[White "Bok, Benjamin"]
[Black "Harutjunyan, Gevorg"]
[Result "1-0"]
[WhiteElo "2598"]
[BlackElo "2472"]
[Annotator "TA"]
[PlyCount "61"]
[EventDate "2017.??.??"]
[EventCountry "BLR"]
[SourceTitle "playchess.com"]
[Source "ChessBase"]
[SourceQuality "1"]

{[%evp 15,61,25,23,29,51,46,55,55,55,55,55,0,71,52,67,70,55,69,68,64,82,95,96,90,89,87,123,116,122,120,365,372,393,419,850,1076,1037,1073,1070,1069,1055,1060,1029,1029,1008,1000,970,969]} 1. e4 {[%cal Be2e4,Be4e5][%mdl 32]} c6 2. d4 d5 3. e5 Bf5 4. Nf3 e6 5. Be2 Ne7 6. O-O h6 7. Nbd2 {[%cal Bb1d2,Bd2f1,Bf1g3][%mdl 32] B12: Caro-Kann: Advance Variation} Nd7 8. c3 Qc7 {LiveBook: 14 Games} (8... a5 9. Re1 a4 10. Nf1 Bg6 11. Bf4 c5 12. c4 Nb6 13. dxc5 Nxc4 14. b3 Na3 15. Rc1 Nc6 16. bxa4 {0-1 (48) Zhigalko,S (2639)-Najer,E (2679) Poikovsky 2017}) 9. Re1 {White has an edge.} g5 10. Nf1 Bg7 11. Ng3 Bg6 12. Bd3 c5 13. b3 (13. Be3 $14) 13... Rc8 (13... cxd4 $11 14. Bxg6 Nxg6) 14. Be3 $146 ({Predecessor:} 14. Bb2 O-O {½-½ (49) Varshini,V (2163)-Michelle,C (2242) Kolkata 2015}) 14... O-O 15. h4 g4 16. Nh2 $1 {[%cal Rh2g4]} h5 17. Bg5 Nc6 18. Bxg6 fxg6 {[#]} 19. Qd3 $1 {[%cal Rd3g6]} cxd4 20. cxd4 ({Worse is} 20. Qxg6 Ndxe5 21. Qxh5 Qf7 $17) 20... Kh7 21. Nxh5 Nb4 22. Qd2 ({But not} 22. Qb1 $6 g3 $14) 22... Qb6 $2 {[#]} (22... gxh5 $16 23. Qxb4 Nb8) 23. Nf6+ $1 $18 {[%mdl 512]} Bxf6 (23... Nxf6 24. exf6) 24. Bxf6 g3 (24... Nxf6 $142 25. exf6 g3) 25. Ng4 {Threatening mate with Qh6+.White is clearly winning.} gxf2+ 26. Kh2 {White wants to mate with Qh6+.} Kg8 {[#]} 27. Qh6 $1 {[%cal Rh6g6][%mdl 512]} Rxf6 28. Nxf6+ Nxf6 29. Qxg6+ Kf8 30. Qxf6+ Ke8 31. Rf1 {Precision: White = 94%, Black = 30%.} 1-0

[Event "EICC 2017"]
[Site "Minsk"]
[Date "2017.05.31"]
[Round "2"]
[White "Lopez Martinez, Josep Manuel"]
[Black "Diermair, Andreas"]
[Result "1-0"]
[WhiteElo "2597"]
[BlackElo "2472"]
[Annotator "TA"]
[PlyCount "79"]
[EventDate "2017.??.??"]
[EventCountry "BLR"]
[SourceTitle "playchess.com"]
[Source "ChessBase"]
[SourceQuality "1"]

{[%evp 25,79,0,0,0,11,0,0,0,1,-8,-6,-17,-20,-20,0,-9,0,-26,0,0,0,20,12,4,24,6,56,0,50,22,60,62,44,58,59,69,65,71,68,62,102,115,135,125,163,142,147,146,239,218,231,202,333,307,393,377]} 1. e4 e5 2. Nf3 Nc6 3. Bb5 {[%cal Bf1b5,Bb5a4,Ba4b3][%mdl 32]} a6 4. Ba4 Nf6 5. O-O Be7 6. Re1 b5 7. Bb3 d6 8. c3 O-O 9. h3 Bb7 10. d4 Re8 11. Nbd2 Bf8 12. d5 Nb8 {[%cal Bc6b8,Bb8d7,Bd7f6][%mdl 32]} 13. Nf1 Nbd7 14. Bg5 {C92: Closed Ruy Lopez: 9...Be6, Karpov and Flohr-Zaitsev Variations} h6 15. Bxf6 Nxf6 16. N3h2 {[#] The position is equal.} h5 $146 ({Predecessor:} 16... g6 17. Ng4 Nd7 18. a4 Nc5 19. axb5 h5 20. Nge3 axb5 21. Bc2 Rxa1 22. Qxa1 {½-½ (43) Ponomariov,R (2721)-Jakovenko,D (2667) San Sebastian 2006}) 17. Qc2 g6 18. Nf3 Bh6 19. a4 Nd7 20. Ba2 Qe7 21. N1d2 Bc8 22. b4 Kg7 23. Bb3 Rb8 24. axb5 axb5 25. Ra7 Nb6 26. Qd3 (26. c4 $14) 26... Rh8 27. Nf1 Qd7 28. Ra5 Ra8 29. Rxa8 Nxa8 30. Ra1 $1 $36 {[%cal Ra1a8,Be1a1,Ba1a7,Ba7c7,Bc7c6][%mdl 2080] White is more active.} Nb6 31. Ra7 Rf8 32. Qe2 f6 33. Ne1 {[%cal Bf3e1,Be1c2,Bc2a3,Ba3b5][%mdl 32]} Rf7 {[#]} 34. Nc2 $1 Qe8 {[#]} 35. Na3 $1 Bd7 36. Rxc7 Qb8 (36... Na8 $16 37. Ra7 Qb8) 37. Nxb5 $18 Na8 38. Rc6 $1 ({Not} 38. Nxd6 Nxc7 39. Nxf7 Kxf7 $11) 38... Bxc6 (38... Rf8 {was called for.} 39. Qc4 Nb6) 39. dxc6 Re7 40. Qd3 {Precision: White = 72%, Black = 41%.} 1-0

[Event "EICC 2017"]
[Site "Minsk"]
[Date "2017.05.31"]
[Round "2"]
[White "Buhmann, Rainer"]
[Black "Goryachkina, Aleksandra"]
[Result "1/2-1/2"]
[WhiteElo "2596"]
[BlackElo "2470"]
[Annotator "TA"]
[PlyCount "91"]
[EventDate "2017.??.??"]
[EventCountry "BLR"]
[SourceTitle "playchess.com"]
[Source "ChessBase"]
[SourceQuality "1"]

{[%evp 13,91,29,32,31,33,17,31,34,30,10,21,12,20,8,33,27,41,-6,0,0,0,-18,-13,-26,-26,-24,-7,-72,0,0,0,0,0,0,0,0,0,0,0,0,26,23,107,106,114,114,118,133,144,44,122,6,14,4,56,0,0,0,0,-19,0,0,0,-49,0,0,0,0,0,0,0,0,0,0,0,0,0,0,0,0]} 1. Nf3 d5 2. d4 Nf6 3. c4 c6 4. e3 Bf5 5. Nc3 e6 6. Nh4 Bg6 7. Nxg6 hxg6 8. a3 {D12: Slav Defence: 3 Nf3 Nf6 4 e3 Bf5} Nbd7 {[%cal Bb8d7,Bd7f8,Bf8e6][%mdl 32]} 9. g3 Be7 10. c5 {White is slightly better.} e5 11. Bg2 e4 12. b4 {[%cal Bb2b4,Bb4b5][%mdl 32]} Nf8 13. Rb1 $146 ({Predecessor:} 13. b5 Ne6 14. Rb1 Qd7 15. a4 Bd8 {1-0 (45) Nakamura,H (2708)-Leitao,R (2620) Bursa 2010}) 13... Qd7 14. b5 g5 15. f3 exf3 16. Qxf3 g4 17. Qf2 Ne6 18. O-O O-O 19. Bd2 Rae8 20. Rb4 (20. a4 $11 {keeps the balance.}) 20... Bd8 (20... b6 $1 $17) 21. Ra4 $36 {[%mdl 2048] Black is under pressure.} a6 22. bxa6 bxa6 23. Rxa6 Qb7 24. Ra4 Ng5 25. Rb4 Qa6 26. Qf5 {Strongly threatening Ra4.} Nge4 27. Nxe4 (27. Bxe4 $5 Nxe4 28. Nxe4 Rxe4 29. Rb3 $14) 27... dxe4 (27... Nxe4 $11 28. Bxe4 Rxe4) 28. Rb3 $16 g6 29. Qf4 $1 Qe2 30. Qf2 Qc4 {[#]} 31. Rb7 (31. Rfb1 $1 $16) 31... Nh7 {[#]} (31... Qa6 $14 32. Rfb1 Qxa3) 32. h3 ({White should play} 32. Qf4 $1 $16) 32... gxh3 $11 33. Bxh3 Ng5 (33... Re7 $11 34. Rb8 Ra7) 34. Bg2 (34. Bg4 $1 $14) 34... Re6 35. Qe1 Qa6 36. Rd7 Qxa3 (36... Qc8 $5 {[%cal Rc8d7]} 37. Ra7 Bc7 $11) 37. Qb1 Qa6 38. Rf2 Ba5 39. Qb7 {The position is equal.} Qxb7 40. Rxb7 Bxd2 41. Rxd2 Ra8 42. Rdb2 Ra1+ 43. Rb1 Ra2 44. R1b2 Ra1+ 45. Rb1 Ra2 46. R1b2 {Precision: White = 44%, Black = 62%.} (46. R7b2 $5 {[%cal Rb2a2]} Ra3 47. Rb3 $14) 1/2-1/2

[Event "EICC 2017"]
[Site "Minsk"]
[Date "2017.05.31"]
[Round "2"]
[White "Pantsulaia, Levan"]
[Black "Minko, Vladimir"]
[Result "1/2-1/2"]
[WhiteElo "2594"]
[BlackElo "2438"]
[Annotator "TA"]
[PlyCount "67"]
[EventDate "2017.??.??"]
[EventCountry "BLR"]
[SourceTitle "playchess.com"]
[Source "ChessBase"]
[SourceQuality "1"]

{[%evp 9,67,-40,-26,-36,-17,-21,-26,-33,11,3,18,29,34,0,23,27,22,28,79,70,75,66,72,72,129,119,122,115,138,134,163,173,143,169,157,87,256,163,161,-24,-27,-25,-4,-20,0,-10,0,0,0,0,0,0,0,0,0,0,0,0,0,-194]} 1. c4 e6 2. Nf3 d5 3. b3 c5 4. e3 d4 (4... Nc6 5. cxd5 exd5 6. Bb5 Nf6 7. O-O Bd6 8. Bb2 O-O 9. d4 cxd4 10. Nxd4 Bg4 11. Be2 Bxe2 12. Nxe2 Re8 13. Nd2 Be5 14. Bxe5 Nxe5 15. Nf3 Nxf3+ 16. gxf3 {½-½ (33) Caruana,F (2823)-Anand,V (2779) Saint Louis 2016}) 5. exd4 cxd4 6. g3 {A13: English Opening: 1...e6} Nc6 7. Bg2 Nf6 8. O-O {Black has an edge.} h6 9. Re1 Bd6 10. Bb2 $146 ({Predecessor:} 10. Ba3 a5 11. Qc1 O-O 12. Bxd6 Qxd6 13. Na3 Qc5 14. d3 {0-1 (34) Pucher,S (2251)-Battaglini,G (2438) Nancy 2013}) 10... Qb6 11. Ba3 Bxa3 12. Nxa3 Qc5 13. Qc1 d3 (13... O-O $11) 14. Qb2 $16 O-O 15. Ne5 Nxe5 16. Rxe5 Qb6 (16... Qe7 $142) 17. c5 Qc7 18. Nb5 $36 {[%mdl 2048] Keeping Black busy.} Qe7 {[#]} 19. Rc1 $1 Ng4 20. Ree1 Bd7 21. Nd6 Bc6 22. Qd4 (22. Bxc6 $142 bxc6 23. Qd4) 22... Qg5 $2 {[#]} (22... Bxg2 $16 23. Kxg2 Nf6) 23. Qxd3 Qh5 24. h3 $2 (24. h4 $18) 24... Bxg2 $11 25. Kxg2 Qxh3+ $1 26. Kf3 $1 {The position is equal.} Qh5 27. Qe2 b6 28. d4 $1 e5 29. dxe5 bxc5 30. Kg2 Qh2+ 31. Kf3 Qh5 32. Kg2 $1 Qh2+ 33. Kf3 Qh5 34. Ke4 $2 {Precision: White = 57%, Black = 41%.} (34. Kg2 $1 $11 {and White is okay.}) 1/2-1/2

[Event "EICC 2017"]
[Site "Minsk"]
[Date "2017.05.31"]
[Round "2"]
[White "Beliavsky, Alexander G"]
[Black "Arabidze, Meri"]
[Result "1-0"]
[WhiteElo "2589"]
[BlackElo "2374"]
[Annotator "TA"]
[PlyCount "93"]
[EventDate "2017.??.??"]
[EventCountry "BLR"]
[SourceTitle "playchess.com"]
[Source "ChessBase"]
[SourceQuality "1"]

{[%evp 22,93,35,19,16,14,25,0,14,0,0,0,0,-38,-42,-21,0,0,0,0,16,18,18,16,20,21,18,-20,107,109,102,113,389,393,943,786,993,502,497,204,202,177,177,177,168,150,232,244,213,240,232,208,198,194,216,216,346,346,820,819,800,807,785,767,9705,7684,5700,4800,10589,9520,29953,29956,12800,12800]} 1. d4 Nf6 2. c4 e6 3. Nf3 Bb4+ 4. Bd2 Qe7 5. Nc3 b6 6. g3 Bb7 7. Bg2 Bxc3 8. Bxc3 Ne4 9. Rc1 f5 10. O-O Nxc3 11. Rxc3 O-O 12. d5 Na6 $146 {E18: Queen's Indian: Old Main Line (4 g3 Bb7 5 Bg2 Be7 6 0-0 0-0 7 Nc3)} ({Predecessor:} 12... e5 13. e4 f4 14. c5 d6 15. c6 Bc8 16. b4 b5 17. a4 Na6 18. axb5 Nxb4 19. Ra3 Bg4 20. Qd2 Bxf3 21. Bxf3 {1-0 (35) Kasimdzhanov,R (2664)-Geirnaert,S (2284) Vlissingen 2003}) 13. Nd2 d6 14. f4 Rae8 {The position is equal.} 15. e4 Nc5 16. exf5 exd5 17. cxd5 Ba6 (17... Rxf5 $6 18. b4 $14) 18. Nc4 b5 19. b4 {Threatens to win with Re3.} bxc4 20. bxc5 dxc5 (20... Qf6 $5 {[%cal Rf6c3]} 21. Ra3 Bb5 $11) 21. Qc2 Qf6 22. Rd1 Bb5 {Hoping for ...Ba4!} 23. Ra3 a6 24. g4 h5 {[#]} (24... Qd6 $11 {remains equal.}) 25. d6 $1 $16 hxg4 26. dxc7 {Rg3 is the strong threat.} g6 $2 {[%mdl 8192]} (26... Re7 $16) 27. h3 $18 {[%cal Bh2h3,Bh3g4][%mdl 32]} (27. fxg6 Re7 $18) 27... gxf5 $2 (27... Qxf5 28. Qxf5 gxf5) 28. hxg4 Qh4 29. Bd5+ Kh7 30. Qh2 (30. c8=R $142 Qxg4+ 31. Qg2 Qxd1+ 32. Kh2) 30... Qxh2+ 31. Kxh2 {Black must now prevent gxf5.} Re2+ 32. Kg3 Rc8 33. Kf3 $36 {[%mdl 2048] White is in control.} c3 (33... Rh2 $16 34. Be6 (34. Kg3 Rb2 $16) 34... Rxc7) 34. Rxc3 ({But not} 34. gxf5 $6 Rh2 $16) 34... fxg4+ 35. Kxg4 Rxc7 36. Rh3+ Kg7 37. Rg1 Kf6 38. Rh6+ Ke7 {[#]} (38... Kg7 {keeps fighting.} 39. Kg5 Rd7) 39. Kf3 $1 Rd7 $2 (39... Rd2 40. Rg7+ Kd8 41. Rh8+ Be8) 40. Rg7+ Kd8 41. Rxd7+ Kxd7 {[#]} 42. Bc6+ $1 {[%mdl 512]} Bxc6+ 43. Kxe2 {KR-KB} Bd5 44. a3 a5 45. Ke3 a4 46. f5 Ke7 47. Kf4 {Precision: White = 72%, Black = 30%.} 1-0

[Event "EICC 2017"]
[Site "Minsk"]
[Date "2017.05.31"]
[Round "2"]
[White "Postny, Evgeny"]
[Black "Harshkou, Mikita"]
[Result "1-0"]
[WhiteElo "2588"]
[BlackElo "2302"]
[Annotator "TA"]
[PlyCount "41"]
[EventDate "2017.??.??"]
[EventCountry "BLR"]
[SourceTitle "playchess.com"]
[Source "ChessBase"]
[SourceQuality "1"]

{[%evp 14,41,47,49,63,68,68,70,95,91,89,85,85,90,74,97,140,128,172,171,179,191,193,145,419,413,404,420,409,406]} 1. d4 e6 2. c4 f5 3. g3 Nf6 4. Bg2 Be7 5. Nh3 O-O 6. O-O d6 7. b3 c6 8. Bb2 Ne4 $146 {A91: Classical Dutch: Early Deviations} ({Predecessor:} 8... Qc7 9. Nd2 e5 10. e4 fxe4 11. dxe5 dxe5 12. Ng5 e3 13. fxe3 h6 14. Nge4 Nbd7 15. Qc2 a5 16. c5 {1-0 (52) Fressinet,L (2712)-Agdestein,S (2620) Oslo 2015}) 9. Nd2 Nxd2 10. Qxd2 Bf6 {White is slightly better.} 11. Nf4 {[%cal Bh3f4,Bf4d3,Bd3c5,Bc5e4][%mdl 32]} Qe8 12. Nd3 e5 13. dxe5 dxe5 14. e4 fxe4 {[#]} 15. Nc5 $1 Qe7 16. Nxe4 Bg4 17. Rae1 Nd7 18. h3 Bh5 $2 {[%mdl 8192] [#]} (18... Be6 $16 {keeps fighting.} 19. Nxf6+ gxf6) 19. g4 $18 {[%cal Bg3g4,Bg4g5,Bg5f6][%mdl 32] White is winning.} Bg6 20. g5 Bxe4 21. gxf6 {Precision: White = 85%, Black = 31%.} ({Worse is} 21. Bxe4 Bxg5 22. Qe2 Bh4 $15) 1-0

[Event "EICC 2017"]
[Site "Minsk"]
[Date "2017.05.31"]
[Round "2"]
[White "Azarov, Sergei"]
[Black "Kononenko, Dmitry"]
[Result "1-0"]
[WhiteElo "2582"]
[BlackElo "2613"]
[Annotator "TA"]
[PlyCount "111"]
[EventDate "2017.??.??"]
[EventCountry "BLR"]
[SourceTitle "playchess.com"]
[Source "ChessBase"]
[SourceQuality "1"]

{[%evp 12,111,28,32,35,20,42,26,49,41,50,45,45,51,51,48,48,44,64,66,64,56,61,43,49,56,125,117,170,168,189,189,187,187,184,187,169,159,156,162,162,153,160,156,173,173,172,172,145,127,120,123,123,95,103,83,72,103,132,121,177,176,251,238,391,368,522,510,505,501,498,486,478,446,931,793,1284,1122,2253,3080,1884,1847,1597,1504,29959,29960,10028,7229,29964,29965,29966,29969,29961,29967,29955,29952,10451,10397,10836,8558,7234,7229]} 1. e4 c6 2. d4 d5 3. e5 Bf5 4. Nf3 e6 5. Be2 Nd7 6. O-O Ne7 7. Nbd2 Bg6 {B12: Caro-Kann: Advance Variation} 8. Nb3 a6 (8... Nf5 9. a4 a6 10. a5 c5 11. dxc5 Nxc5 12. Bg5 Qc7 13. c4 h6 14. Bf4 {1-0 (30) Kryvoruchko,Y (2710)-Yu,R (2526) China 2017}) 9. a4 Qc7 {White has an edge.} 10. a5 c5 11. Nxc5 Nxc5 12. dxc5 Nc6 13. Be3 $36 {[%mdl 2048] White is more active.} Be7 14. Qd2 {[#]} O-O $146 15. b4 Nxe5 16. Bf4 Bf6 17. Rae1 Nxf3+ 18. Bxf3 Qc6 {[#]} ({Better is} 18... Qd7 $14) 19. c4 $1 $16 {[%cal Rc4d5][%mdl 512]} Rfd8 {[#]} (19... Be4 $16 {was called for.}) (19... dxc4 20. Bxc6) 20. Bd6 $1 $18 Be4 21. Bxe4 dxe4 22. Qc2 Rd7 23. Rxe4 Rad8 24. Ree1 Be7 25. Bxe7 Rxe7 26. Rd1 Red7 27. h3 g6 28. Rxd7 Qxd7 {[%mdl 4096] Endgame KQR-KQR} 29. Qe4 Qc7 30. b5 axb5 31. cxb5 {Hoping for c6.} Rd5 32. a6 Qxc5 {[#]} 33. Ra1 $1 ({Much worse is} 33. axb7 $6 Qb6 $11) 33... bxa6 34. bxa6 {a7 is the strong threat.} Qa7 35. Qb4 Kg7 (35... Rd7 $16 36. Qa4 Rd2) 36. Qc3+ e5 (36... Kg8 {is a better defense.} 37. g3 Rd6) 37. h4 h5 $2 (37... Rd4 38. h5 f5) 38. Qe3 Qxe3 (38... Rd7 {was worth a try.} 39. Qxe5+ Kh7) 39. fxe3 {KR-KR} Rd8 40. a7 Ra8 41. Ra6 f6 42. Kf2 e4 (42... Kf7 $142 43. Kf3 f5) 43. Ke2 g5 44. g3 {[%cal Bg2g3,Bg3h4][%mdl 32]} Kg6 45. Ra5 Kf7 46. Kd2 Ke6 47. Kc3 gxh4 48. gxh4 Kd6 49. Kd4 f5 50. Ra3 Kc6 51. Ke5 Kb7 52. Kf4 Kb6 53. Kxf5 Kb7 54. Kxe4 {White is clearly winning.} Re8+ 55. Kf5 Ka8 56. e4 {Precision: White = 88%, Black = 43%.} 1-0

[Event "EICC 2017"]
[Site "Minsk"]
[Date "2017.05.31"]
[Round "2"]
[White "Mastrovasilis, Dimitrios"]
[Black "Nasybullina, Alfia"]
[Result "1-0"]
[WhiteElo "2580"]
[BlackElo "2162"]
[Annotator "TA"]
[PlyCount "39"]
[EventDate "2017.??.??"]
[EventCountry "BLR"]
[SourceTitle "playchess.com"]
[Source "ChessBase"]
[SourceQuality "1"]

{[%evp 9,39,8,6,14,17,10,16,0,18,18,30,23,72,38,29,22,298,301,456,460,652,652,653,648,698,535,615,618,618,614,606,602]} 1. e4 e6 2. d4 d5 3. e5 b6 4. Bb5+ c6 5. Ba4 Bd7 (5... Ne7 6. c3 Nf5 7. Ne2 Be7 8. Ng3 Ba6 9. Nxf5 exf5 10. Qf3 Qd7 11. Qg3 g6 12. Bh6 Qe6 13. Nd2 {1-0 (72) Stevic,H (2607)-Renner,C (2420) Austria 2011}) 6. c3 {C02: French: Advance Variation} c5 7. Bc2 Nc6 8. Ne2 $146 {The position is equal.} ({Predecessor:} 8. a3 Qc7 9. Be3 Rc8 10. Bd3 Nge7 11. Nf3 Nf5 12. O-O h6 13. b4 c4 14. Bc2 Be7 15. Nbd2 b5 16. Qe2 a5 17. Bf4 Qb6 18. g4 Nh4 19. Nxh4 Bxh4 20. Be3 {½-½ (20) Stevic,H (2400)-Kovacevic,V (2480) Medulin 1997}) 8... cxd4 (8... f6 $5 {[%cal Rf6e5]}) 9. cxd4 Nb4 10. Bb3 {[%cal Bc2b3,Bb3d5,Bd5c6,Bc6a8][%mdl 32]} Bb5 11. Nbc3 Nd3+ 12. Kf1 Qh4 $2 {[%mdl 8192]} (12... Nxc1 $11 {and Black stays safe.} 13. Rxc1 (13. Nxb5 Nxb3 14. axb3 a6 $11) 13... Bd7) 13. Be3 $18 Ba6 {[#]} (13... Nxb2 $142 14. Qc2 Bd7 15. Qxb2 Rc8) 14. Bxd5 $1 {[%mdl 512] White is clearly winning.} Nxb2 (14... O-O-O $142 15. Qa4 Bb7 16. Qc4+ Nc5) (14... exd5 15. Qa4+) 15. Bc6+ Kd8 16. Qc1 Nd3 17. Bg5+ Be7 {[%csl Gd3][%cal Rh4f2] [#]} 18. Bxh4 Nxc1 19. Bxe7+ Nxe7 20. Bxa8 {Precision: White = 70%, Black = 31%.} 1-0

[Event "EICC 2017"]
[Site "Minsk"]
[Date "2017.05.31"]
[Round "2"]
[White "Bocharov, Dmitry"]
[Black "Artsiomau, Stanislau"]
[Result "1-0"]
[WhiteElo "2574"]
[BlackElo "1924"]
[Annotator "TA"]
[PlyCount "65"]
[EventDate "2017.??.??"]
[EventCountry "BLR"]
[SourceTitle "playchess.com"]
[Source "ChessBase"]
[SourceQuality "1"]

{[%evp 18,65,42,18,31,20,39,-1,39,16,67,68,85,85,152,92,117,115,119,119,99,103,114,111,118,97,91,96,170,144,147,145,208,212,204,188,203,187,920,915,862,844,950,549,975,1060,2396,2341,29989,29990]} 1. Nf3 Nf6 2. c4 g6 3. Nc3 Bg7 4. e4 d6 5. d4 O-O 6. Be2 c5 7. O-O cxd4 8. Nxd4 Nc6 9. Nc2 Be6 10. Rb1 Rc8 {B37: Sicilian: Maroczy Bind with 5...Bg7, sidelines} (10... a5 11. b3 a4 12. b4 Rc8 13. f4 Qb6+ 14. Be3 Qd8 15. Qd3 Nb8 16. Na3 Bd7 17. h3 b6 18. Rfd1 {1-0 (49) Kosteniuk,A (2541)-Hou,Y (2673) Beijing 2014}) 11. Be3 a6 12. Qd2 Qc7 $146 {The position is equal.} ({Predecessor:} 12... Nd7 13. Nd5 Nce5 14. b3 Bxd5 15. cxd5 Nc5 16. f3 Qc7 17. Nd4 b5 18. Rbc1 Qb7 {½-½ (27) Suchocki,T (1962)-Grochulski,G (1959) Warsaw 2009}) 13. Rfc1 Qb8 (13... Ne5 $11) 14. f3 $14 Ne5 {[#]} 15. b3 $1 b5 ({Better is} 15... Nc6) 16. Nd5 (16. cxb5 $142 axb5 17. Nb4 (17. Nxb5 d5 $16)) 16... Qb7 17. Nd4 Nxd5 18. cxd5 Bd7 19. h3 {Strongly threatening f4.} f6 20. f4 {[%cal Bf3f4,Bf4f5][%mdl 32]} Nf7 21. Bg4 Bxg4 22. hxg4 Nd8 (22... e5 $16 {keeps fighting.} 23. dxe6 Nh6) 23. Rxc8 Qxc8 24. f5 Nf7 (24... Qb7 $16 25. Rc1 Nf7) 25. Ne6 $18 Re8 26. Rc1 $36 {[%mdl 2048] White has strong initiative.} Qb8 27. Rc7 Ng5 $2 (27... b4 28. Qc1 Ne5) 28. Bxg5 fxg5 29. Qxg5 Bf6 30. Qc1 Qb6+ 31. Kf1 Bh4 32. Rc2 {[#] White threatens Qh6 and mate.} Qa5 33. Rc8 {Precision: White = 51%, Black = 21%.} 1-0

[Event "EICC 2017"]
[Site "Minsk"]
[Date "2017.05.31"]
[Round "2"]
[White "Deac, Bogdan-Daniel"]
[Black "Kryvoruchko, Yuriy"]
[Result "1/2-1/2"]
[WhiteElo "2572"]
[BlackElo "2714"]
[Annotator "TA"]
[PlyCount "52"]
[EventDate "2017.??.??"]
[EventCountry "BLR"]
[SourceTitle "playchess.com"]
[Source "ChessBase"]
[SourceQuality "1"]

{[%evp 19,52,35,35,11,11,11,11,11,10,9,8,13,14,10,21,0,0,0,4,4,5,6,42,42,42,42,41,41,41,43,53,29,60,0,5]} 1. Nf3 Nf6 2. c4 e6 3. g3 d5 4. d4 Be7 5. Bg2 O-O 6. O-O dxc4 7. Ne5 Nc6 8. Bxc6 bxc6 9. Nxc6 Qe8 10. Nxe7+ Qxe7 11. Na3 {E05: Open Catalan: 5 Nf3 Be7} Rd8 12. Qc2 Ba6 13. Nxc4 c5 14. dxc5 Qxc5 15. b3 Bxc4 16. Bb2 Rac8 {[#] Threatens to win with ...Bb5.} 17. Bxf6 gxf6 18. Rfc1 {[%cal Rc2c4]} Qa5 {...Ba6 is the strong threat.} 19. bxc4 {[#]} Rd2 $146 {[%mdl 2048] Black has counterplay} 20. Qe4 Qe5 21. Qxe5 fxe5 $14 {KRR-KRR} 22. Kf1 Rb8 23. Rab1 Rxb1 $1 24. Rxb1 Rxa2 25. c5 Rc2 26. Ra1 (26. Rb5 $14) 26... Rxc5 {Precision: White = 69%, Black = 93%.} 1/2-1/2